[Event "Novosibirsk CC-ch"]
[Site "Novosibirsk"]
[Date "2007.01.24"]
[Round "8"]
[White "Dzhumagaliev, Yan"]
[Black "Biryukov, Alexander"]
[Result "1-0"]
[WhiteElo "2239"]
[BlackElo "1980"]
[PlyCount "117"]
[EventDate "2007.01.14"]
[EventType "swiss"]
[EventRounds "11"]
[EventCountry "RUS"]
[SourceTitle "EXT 2010"]
[Source "ChessBase"]
[SourceDate "2010.11.25"]
[SourceVersion "1"]
[SourceVersionDate "2010.11.25"]
[SourceQuality "1"]

1. Nf3 d5 2. c4 e6 3. d4 Nf6 4. g3 dxc4 5. Bg2 Nc6 6. Qa4 Bb4+ 7. Bd2 Nd5 8. Bxb4 Ndxb4 9. a3 b5 10. Qxb5 Nc2+ 11. Kd2 Nxa1 12. Qxc6+ Bd7 13. Qxc4 c5 14. Qa2 cxd4 15. Qxa1 Rc8 16. b4 0-0 17. Qb2 Bc6 18. Rd1 e5 19. Ke1 Ba4 20. Rc1 Qd5 21. Kf1 e4 22. Ne1 Qf5 23. Rxc8 Rxc8 24. Nd2 e3 25. Ndf3 g5 26. Qxd4 exf2 27. Kxf2 g4 28. Qe5 Qxe5 29. Nxe5 Rc3 30. Bd5 Bb3 31. Nxg4 Kg7 32. Bxb3 Rxb3 33. Nc2 Rc3 34. Nge3 Rb3 35. Ke1 Rb1+ 36. Nd1 a5 37. bxa5 Rb5 38. a6 Ra5 39. Nb4 Rxa3 40. Kd2 Kf6 41. Nc3 Kg5 42. Ne4+ Kg4 43. Nf6+ Kh3 44. Nxh7 Kxh2 45. g4 Kg3 46. Ng5 Rb3 47. a7 Ra3 48. Nc6 Ra6 49. Nxf7 Kxg4 50. e4 Kf4 51. Kd3 Ra1 52. Kd4 Rd1+ 53. Kc5 Ra1 54. e5 Kf5 55. Kd6 Rd1+ 56. Ke7 Ra1 57. e6 Ra6 58. Nd6+ Kg6 59. Kd7 1-0

[Event "Novosibirsk CC-ch"]
[Site "Novosibirsk"]
[Date "2007.01.16"]
[Round "2"]
[White "Biryukov, Alexander"]
[Black "Chesnokov, Gennady"]
[Result "1-0"]
[WhiteElo "1980"]
[BlackElo "2046"]
[PlyCount "55"]
[EventDate "2007.01.14"]
[EventType "swiss"]
[EventRounds "11"]
[EventCountry "RUS"]
[SourceTitle "EXT 2010"]
[Source "ChessBase"]
[SourceDate "2010.11.25"]
[SourceVersion "1"]
[SourceVersionDate "2010.11.25"]
[SourceQuality "1"]

1. d4 Nf6 2. Nf3 g6 3. c4 Bg7 4. Nc3 d5 5. Qb3 c6 6. Bg5 dxc4 7. Qxc4 Be6 8. Qd3 Qa5 9. e4 0-0 10. Be2 Bg4 11. e5 Nd5 12. 0-0 Re8 13. Nd2 Bxe2 14. Nxe2 Na6 15. f4 Rad8 16. f5 Ndb4 17. Qf3 f6 18. Be3 Nc2 19. Rac1 Nxe3 20. Qxe3 fxe5 21. Nc4 Qd5 22. Nxe5 Bxe5 23. dxe5 Qd2 24. Qb3+ Kh8 25. Nf4 Qb4 26. Qh3 gxf5 27. Ne6 Rc8 28. Ng5 1-0